000 01144nam a22002777a 4500
005 20170509105043.0
010 _a1617EN ENG-116963
020 _a9788131526613
_c775.00
035 _aB-653829-838
035 _aEN-100495
035 _aB-665130
037 _bABC
_aDPL
037 _bDBAD/PUB
082 _a658.4033
100 _aAlbright, S.Christian
245 _aBusiness analytics:
_cby S.Christian Albright [and] Wayne L.Winston
_bdata analysis and decision making /
250 _a5th ed
260 _aDelhi
_bCengage Learning
_c2015
270 _a418, F.I.E.,patparganj
_bDelhi
_e110092
_k91 11 43641111
_l91 11 43641100
300 _axviii,990p.:
_c25cm(pbk)
_bill.
500 _aincludes index
700 _aWinston, Wayne L.
942 _2ddc
_cEN
_h658.4033
_mALB
999 _c101924
_d101924